Catálogo
 En Linea

Cultura bíblica y religiosa / (Registro nro. 14717)

Detalles MARC
000 -CABECERA
campo de control de longitud fija 00688cam a2200205 a 4500
001 - NÚMERO DE CONTROL
campo de control 000015145
005 - FECHA Y HORA DE LA ÚLTIMA TRANSACCIÓN
campo de control 20200929163952.0
008 - DATOS DE LONGITUD FIJA--INFORMACIÓN GENERAL
campo de control de longitud fija 810505s1970 sp 000 0 spa d
040 ## - FUENTE DE LA CATALOGACIÓN
Centro catalogador/agencia de origen DO-SdBNP
Lengua de catalogación spa
Centro/agencia transcriptor LC
Centro/agencia modificador BNPHU
082 ## - NÚMERO DE LA CLASIFICACIÓN DECIMAL DEWEY
Número de clasificación 220.6
Número de documento/Ítem P222c
049 ## - FONDOS LOCALES (OCLC)
Fondos de biblioteca La biblioteca sólo posee los volumenes 2, 3 y 4.
049 ## - FONDOS LOCALES (OCLC)
Fondos de biblioteca BNGR
100 1# - ENTRADA PRINCIPAL--NOMBRE DE PERSONA
Nombre de persona Páramo, Severiano del,
Fechas asociadas al nombre 1889-
9 (RLIN) 34276
245 10 - MENCIÓN DE TÍTULO
Título Cultura bíblica y religiosa /
Mención de responsabilidad, etc. P. Severiano del Páramo, S.J.
260 ## - PUBLICACIÓN, DISTRIBUCIÓN, ETC.
Lugar de publicación, distribución, etc. Santander, (Colombia) :
Nombre del editor, distribuidor, etc. Universidad Pontificia Comillas,
Fecha de publicación, distribución, etc. 1970.
300 ## - DESCRIPCIÓN FÍSICA
Extensión v. ;
Dimensiones 22 cm.
650 #4 - PUNTO DE ACCESO ADICIONAL DE MATERIA--TÉRMINO DE MATERIA
Término de materia o nombre geográfico como elemento de entrada Enseñanza bíblica
9 (RLIN) 15358
650 #4 - PUNTO DE ACCESO ADICIONAL DE MATERIA--TÉRMINO DE MATERIA
Término de materia o nombre geográfico como elemento de entrada Paz
Subdivisión general Aspectos religiosos
9 (RLIN) 6554
910 ## - DATOS DE OPCIÓN DEL USUARIO (OCLC)
Datos de opción del usuario Catalogación derivada
Existencias
Estado de retiro Estado de pérdida Restricciones de uso No para préstamo Código de colección Localización permanente Ubicación/localización actual Ubicación en estantería Fecha de adquisición Número de inventario Total de préstamos Signatura topográfica completa Código de barras Fecha visto por última vez Precio válido a partir de Tipo de ítem Koha
        Monografías: Libros y Folletos General General En catalogación 01.02.2010 LF1   v.2 15145-10 25.06.2020 25.06.2020 Préstamo en sala
        Monografías: Libros y Folletos General General En catalogación 14.04.2010 LF1   v.3 15145-20 25.06.2020 25.06.2020 Préstamo en sala
        Monografías: Libros y Folletos General General En catalogación 14.04.2010 LF1   v.4 15145-30 25.06.2020 25.06.2020 Préstamo en sala

Con tecnología Koha